| 000 | 00997nam a2200289Ia 4500 | ||
|---|---|---|---|
| 005 | 20220316235507.0 | ||
| 008 | 121119s2002 sp a gr 000 j spa | ||
| 020 | _a8420448753 | ||
| 041 | 1 | _aspa | |
| 100 | 1 |
_aDahl, Roald _d1916-1990 |
|
| 245 | 1 | 3 |
_aEl gran gigante bonachón _cRoald Dahl ; traducción de Herminia Dauer ; ilustraciones de Quentin Blake |
| 250 | _aDécima sexta edición | ||
| 300 |
_a172 páginas _bilustraciones _c20 cm |
||
| 490 | 0 | _aJuvenil | |
| 650 | 1 | 4 |
_a Cuentos infantiles ingleses _ySiglo XX _2LEMB |
| 650 | 1 | 4 |
_aLiteratura juvenil inglesa _ySiglo XX _2LEMB |
| 650 | 1 | 4 |
_aAutores ingleses _ySiglo XX _2LEMB |
| 700 | 1 |
_aDauer Cirlot, Herminia _etraductor _930474 |
|
| 700 | 1 |
_aBlake, Quentin _eilustrador _98338 |
|
| 942 |
_2loc _cBKINF |
||
| 264 |
_aMadrid _bAlfaguara _c2002 |
||
| 336 |
_atexto _btxt _2rdacontent |
||
| 337 |
_asin mediación _bn _2rdamedia |
||
| 338 |
_avolumen _bnc _2rdacarrier |
||
| 040 |
_aCO-BoRNBP _bspa _erda _cCO-BoRNBP |
||
| 084 | _aN DAH1 | ||
| 999 |
_c1124 _d1124 |
||